000 00828nam a2200193Ii 4500
003 JO-AjNU
008 230605s9999||||xx |||||||||||||| ||und||
040 _aJO-AjNU
_bara
_erda
_cJO-AjNU
041 _aara
050 1 4 _aHF5681.T3.K4234 1982
100 3 _aضيف،خيرت ,
_eauthor
_97944
245 0 0 _aالمحاسبة الضريبية في رسم الانتقال على الحقوق والاموال : وفقا لاحكام التشريع الضريبي اللبناني دراسة مقارنة
264 3 1 _aبيروت: دار النهضة العربية، 1982
300 _a198ص
_bيحتوي على ببلوغرافية من ص189-198ص
336 _atext
_btxt
_2rdacontent
337 _aunmediated
_bn
_2rdamedia
338 _avolume
_bnc
_2rdacarrier
650 4 _aالمحاسبة المالية- الضرائب
_97945
999 _aA535
_c4103
_d4103